000 00400pab a2200157 454500
008 180718b2004 xxu||||| |||| 00| 0 eng d
100 _aSmart, Carol
245 _aChanging landscapes of family life: rethinking divorce
260 _c2004
300 _ap.401-08.
362 _aOct
650 _aFamily
650 _aFamily disorganization
773 _aSocial Policy and Society
909 _a63286
999 _c63286
_d63286